Návrh fotovoltickej elektrárne pre vybranú lokalitu

Enregistré dans:
Détails bibliographiques
Auteur principal: Cipala, Patrik, 1991- (Auteur)
Autres auteurs: Pípa, Marek, 1978- (Directeur de thèse)
Format: Manuscrit Livre
Langue:slovaque
Publié: Bratislava : STU v Bratislave FEI, 2013
Sujets:
Accès en ligne:VAIS
Tags: Ajouter un tag
Pas de tags, Soyez le premier à ajouter un tag!

MARC

LEADER 00000ntm a22000003a 4500
001 stu272627
005 20150617230229.7
008 130801s2013----xo------------------slo-d
040 |a STU  |b slo 
041 0 |a slo 
044 |a xo 
100 1 |a Cipala, Patrik,  |d 1991-  |4 aut  |u E  |T FEI Fakulta elektrotechniky a informatiky  |X 6078  |U E  |Y 30  |7 A000006078 
242 0 0 |a Draft of photovoltaic power plant based on selected locations  |y eng 
245 1 |a Návrh fotovoltickej elektrárne pre vybranú lokalitu 
260 |a Bratislava :  |b STU v Bratislave FEI,  |c 2013 
300 |a 72 s  |c 2 príl. 
650 7 |a Electrical Engineering  |2 estusub 
650 7 |a photovoltaic  |2 estusub 
650 7 |a fotovoltika  |2 stusub 
700 1 |a Pípa, Marek,  |d 1978-  |4 ths  |u E020  |U FEI Fakulta elektrotechniky a informatiky  |T FEI Ústav elektroenergetiky a aplikovanej elektrotechniky  |X 2666  |U E020  |Y 548  |7 A000002666 
856 4 |a info a plný text  |u http://is.stuba.sk/zp/portal_zp.pl?podrobnosti=78119  |3 VAIS 
996 |b 284ER01236  |c E*Bc-1236  |l EE32  |s P  |a 0  |w stu272627_0001